[Event "DVM U10 2016"]
[Site "Magdeburg GER"]
[Date "2016.12.28"]
[Round "3"]
[White "Zielke, Ansgar"]
[Black "Elstner, Florian"]
[Result "1-0"]
[Termination "normal"]
[Board "4.2"]
[WhiteElo "1356"]
[BlackElo "1197"]
[WhiteClock "00:17:46"]
[BlackClock "00:02:00"]
[WhiteTeam "SC Borussia 1920 Friedrichsfelde"]
[BlackTeam "SK König Plauen"]
[PlyCount "107"]
[WhiteFideId "16244800"]
[BlackFideId "16247264"]
[EventCountry "GER"]
[EventRounds "7"]
[EventType "team-swiss"]
[EventDate "2016.12.27"]

1. d4 {[%clk 0:59:59]} c5 {[%clk 0:59:28]} 2. c3 {[%clk 0:59:20]} d6 {[%clk
0:58:52]} 3. e4 {[%clk 0:59:05]} Nf6 {[%clk 0:57:57]} 4. Qc2 {[%clk 0:57:44]}
g6 {[%clk 0:55:36]} 5. Bf4 {[%clk 0:57:00]} Nc6 {[%clk 0:53:26]} 6. Nf3 {[%clk
0:56:39]} a6 {[%clk 0:51:58]} 7. Be2 {[%clk 0:55:46]} Bg7 {[%clk 0:51:02]} 8.
O-O {[%clk 0:55:33]} O-O {[%clk 0:50:50]} 9. Rd1 {[%clk 0:55:23]} Qa5 {[%clk
0:49:12]} 10. Nbd2 {[%clk 0:48:58]} b5 {[%clk 0:48:35]} 11. Nf1 {[%clk
0:44:52]} Qb6 {[%clk 0:47:47]} 12. dxc5 {[%clk 0:43:50]} dxc5 {[%clk 0:45:10]}
13. Ng3 {[%clk 0:43:10]} c4 {[%clk 0:44:08]} 14. b3 {[%clk 0:39:39]} cxb3
{[%clk 0:43:19]} 15. axb3 {[%clk 0:39:28]} Bb7 {[%clk 0:41:20]} 16. b4 {[%clk
0:37:15]} Ng4 {[%clk 0:33:56]} 17. Bd3 {[%clk 0:35:07]} Nce5 {[%clk 0:32:17]}
18. Nxe5 {[%clk 0:34:32]} Nxe5 {[%clk 0:30:40]} 19. Be3 {[%clk 0:33:23]} Qf6
{[%clk 0:27:44]} 20. Bd4 {[%clk 0:32:53]} Qc6 {[%clk 0:25:36]} 21. f4 {[%clk
0:31:26]} Nxd3 {[%clk 0:24:16]} 22. Qxd3 {[%clk 0:31:18]} Rad8 23. Qe3 f5
{[%clk 0:21:19]} 24. Re1 {[%clk 0:30:24]} g5 {[%clk 0:15:43]} 25. Bxg7 {[%clk
0:29:03]} Kxg7 {[%clk 0:15:31]} 26. Nh5+ {[%clk 0:25:52]} Kg8 {[%clk 0:14:45]}
27. Qg3 {[%clk 0:25:33]} g4 {[%clk 0:12:08]} 28. exf5 {[%clk 0:24:39]} Rxf5 29.
Qxg4+ Qg6 {[%clk 0:11:28]} 30. Qxg6+ {[%clk 0:24:21]} hxg6 31. Ng3 Rf7 {[%clk
0:09:59]} 32. Ne2 {[%clk 0:23:52]} Rd2 33. Rad1 Rc2 {[%clk 0:08:16]} 34. Rd7
{[%clk 0:23:17]} e6 {[%clk 0:07:39]} 35. Rd8+ {[%clk 0:22:30]} Kg7 36. Nd4
Rxg2+ {[%clk 0:06:04]} 37. Kf1 {[%clk 0:21:46]} Rxh2 {[%clk 0:05:00]} 38. Nxe6+
{[%clk 0:21:18]} Kf6 {[%clk 0:04:49]} 39. Ng5 {[%clk 0:20:55]} Re7 {[%clk
0:04:07]} 40. Rd6+ {[%clk 0:20:47]} Kf5 {[%clk 0:03:28]} 41. Rxe7 {[%clk
0:20:35]} Kxf4 {[%clk 0:03:23]} 42. Rxb7 {[%clk 0:20:10]} Kxg5 {[%clk 0:03:17]}
43. Rxa6 {[%clk 0:19:54]} Kf4 {[%clk 0:03:00]} 44. Rf6+ {[%clk 0:19:43]} Ke3
{[%clk 0:02:54]} 45. Rxg6 {[%clk 0:19:08]} Kf3 {[%clk 0:02:53]} 46. Rf7+ {[%clk
0:18:57]} Ke3 {[%clk 0:02:49]} 47. Rg3+ {[%clk 0:18:34]} Kd2 {[%clk 0:02:29]}
48. Rf2+ {[%clk 0:18:28]} Rxf2+ {[%clk 0:02:20]} 49. Kxf2 {[%clk 0:18:22]} Kc2
{[%clk 0:02:13]} 50. c4 {[%clk 0:18:13]} bxc4 {[%clk 0:02:04]} 51. b5 {[%clk
0:18:06]} Kd2 {[%clk 0:02:03]} 52. b6 {[%clk 0:17:59]} c3 {[%clk 0:02:02]} 53.
Rxc3 {[%clk 0:17:53]} Kxc3 {[%clk 0:02:00]} 54. b7 {[%clk 0:17:46]} 1-0

[Event "DVM U10 2016"]
[Site "Magdeburg GER"]
[Date "2016.12.28"]
[Round "3"]
[White "Oehme, Adrian"]
[Black "Ermitsch, Magnus"]
[Result "1-0"]
[Termination "normal"]
[Board "4.3"]
[WhiteElo "1200"]
[BlackElo "1122"]
[WhiteClock "00:32:07"]
[BlackClock "00:34:33"]
[WhiteTeam "SK König Plauen"]
[BlackTeam "SC Borussia 1920 Friedrichsfelde"]
[PlyCount "51"]
[BlackFideId "16234464"]
[EventCountry "GER"]
[EventRounds "7"]
[EventType "team-swiss"]
[EventDate "2016.12.27"]

1. d4 {[%clk 0:59:41]} e6 {[%clk 0:59:38]} 2. c4 {[%clk 0:59:16]} d5 {[%clk
0:59:14]} 3. cxd5 {[%clk 0:57:47]} exd5 {[%clk 0:59:10]} 4. Nc3 {[%clk
0:56:45]} Be6 {[%clk 0:59:08]} 5. Nf3 {[%clk 0:56:00]} Nc6 {[%clk 0:58:41]} 6.
e3 {[%clk 0:55:30]} a6 {[%clk 0:58:24]} 7. a3 {[%clk 0:54:29]} Nf6 {[%clk
0:58:09]} 8. Qc2 {[%clk 0:53:14]} h6 {[%clk 0:57:44]} 9. Bd3 {[%clk 0:52:34]}
Bd6 {[%clk 0:56:24]} 10. Nd2 {[%clk 0:51:22]} O-O {[%clk 0:55:10]} 11. f3
{[%clk 0:50:53]} Qd7 {[%clk 0:54:13]} 12. O-O {[%clk 0:50:36]} Ne7 {[%clk
0:53:18]} 13. e4 {[%clk 0:49:19]} Bf4 {[%clk 0:52:32]} 14. Nb3 {[%clk 0:47:27]}
Bxc1 {[%clk 0:49:29]} 15. Raxc1 {[%clk 0:46:47]} c6 {[%clk 0:46:13]} 16. Nc5
{[%clk 0:46:19]} Qc7 {[%clk 0:43:00]} 17. Nxe6 {[%clk 0:45:38]} fxe6 {[%clk
0:42:55]} 18. e5 {[%clk 0:45:00]} Nh5 {[%clk 0:42:43]} 19. Bh7+ {[%clk
0:44:01]} Kh8 {[%clk 0:40:21]} 20. Bg6 {[%clk 0:40:20]} Nf4 {[%clk 0:40:09]}
21. Bh7 {[%clk 0:39:27]} g6 {[%clk 0:38:10]} 22. Bxg6 {[%clk 0:37:16]} Nfxg6
{[%clk 0:37:57]} 23. Qd2 {[%clk 0:36:47]} Kg7 {[%clk 0:36:35]} 24. Na4 {[%clk
0:32:48]} Rf7 {[%clk 0:34:53]} 25. Nc5 {[%clk 0:32:26]} b6 {[%clk 0:34:33]} 26.
Nxe6+ {[%clk 0:32:07]} 1-0

[Event "DVM U10 2016"]
[Site "Magdeburg GER"]
[Date "2016.12.28"]
[Round "3"]
[White "Neumann, Jasper"]
[Black "Deiters, Clemenz"]
[Result "1/2-1/2"]
[Termination "normal"]
[Board "4.4"]
[WhiteElo "1011"]
[BlackElo "1091"]
[WhiteClock "00:40:01"]
[BlackClock "00:27:32"]
[WhiteTeam "SC Borussia 1920 Friedrichsfelde"]
[BlackTeam "SK König Plauen"]
[PlyCount "130"]
[BlackFideId "16240243"]
[EventCountry "GER"]
[EventRounds "7"]
[EventType "team-swiss"]
[EventDate "2016.12.27"]

1. d4 {[%clk 0:59:59]} d5 {[%clk 0:59:51]} 2. c4 {[%clk 0:59:54]} c6 {[%clk
0:59:47]} 3. Nf3 {[%clk 0:59:45]} Bf5 {[%clk 0:59:33]} 4. g3 {[%clk 0:59:26]}
e6 {[%clk 0:59:21]} 5. Bg2 {[%clk 0:59:20]} Nf6 {[%clk 0:59:10]} 6. Bg5 {[%clk
0:59:05]} Nbd7 {[%clk 0:58:58]} 7. O-O {[%clk 0:58:49]} Bd6 {[%clk 0:58:47]} 8.
c5 {[%clk 0:58:31]} Be7 {[%clk 0:58:25]} 9. Nc3 {[%clk 0:58:02]} O-O {[%clk
0:58:10]} 10. h3 {[%clk 0:57:20]} b6 {[%clk 0:57:38]} 11. b4 {[%clk 0:56:46]}
Qc7 {[%clk 0:55:02]} 12. Bf4 {[%clk 0:56:02]} Qd8 {[%clk 0:54:38]} 13. Qd2
{[%clk 0:54:40]} Re8 {[%clk 0:50:13]} 14. Ne5 {[%clk 0:53:50]} Nxe5 {[%clk
0:49:28]} 15. Bxe5 {[%clk 0:53:38]} Qd7 {[%clk 0:48:33]} 16. Rfe1 {[%clk
0:52:56]} Ne4 {[%clk 0:46:22]} 17. Nxe4 {[%clk 0:52:00]} dxe4 {[%clk 0:45:46]}
18. Qf4 {[%clk 0:51:22]} f6 {[%clk 0:43:42]} 19. Bd6 {[%clk 0:50:51]} Bxd6
{[%clk 0:43:23]} 20. cxd6 {[%clk 0:50:39]} Rad8 {[%clk 0:42:47]} 21. Bxe4
{[%clk 0:50:17]} Bxe4 {[%clk 0:42:19]} 22. Qxe4 {[%clk 0:50:14]} Qxd6 {[%clk
0:42:13]} 23. Rad1 {[%clk 0:50:02]} Qd5 {[%clk 0:40:26]} 24. Qxd5 {[%clk
0:48:25]} cxd5 {[%clk 0:40:13]} 25. Rc1 {[%clk 0:48:14]} e5 {[%clk 0:39:58]}
26. Red1 {[%clk 0:48:00]} Rc8 {[%clk 0:39:35]} 27. e3 {[%clk 0:47:25]} e4
{[%clk 0:39:10]} 28. Kg2 {[%clk 0:47:09]} Kf7 {[%clk 0:38:58]} 29. g4 {[%clk
0:46:28]} g6 {[%clk 0:38:46]} 30. Kg3 {[%clk 0:46:04]} f5 {[%clk 0:38:37]} 31.
Kf4 {[%clk 0:45:49]} Kf6 {[%clk 0:38:21]} 32. g5+ {[%clk 0:45:41]} Ke6 {[%clk
0:38:07]} 33. a4 {[%clk 0:45:15]} Rc4 {[%clk 0:36:59]} 34. Rb1 {[%clk 0:44:37]}
Rc2 {[%clk 0:36:36]} 35. f3 {[%clk 0:44:32]} Rh2 {[%clk 0:35:32]} 36. Rh1
{[%clk 0:44:16]} Rxh1 {[%clk 0:35:24]} 37. Rxh1 {[%clk 0:44:07]} Rc8 {[%clk
0:35:19]} 38. h4 {[%clk 0:43:54]} Rc4 {[%clk 0:35:09]} 39. Rb1 {[%clk 0:43:45]}
a5 {[%clk 0:34:49]} 40. bxa5 {[%clk 0:43:17]} bxa5 {[%clk 0:34:43]} 41. Ra1
{[%clk 0:43:05]} Rc8 {[%clk 0:34:11]} 42. Rb1 {[%clk 0:42:57]} Rh8 {[%clk
0:33:55]} 43. Rb6+ {[%clk 0:42:51]} Kd7 {[%clk 0:33:44]} 44. Ke5 {[%clk
0:42:41]} exf3 {[%clk 0:33:24]} 45. Rb2 {[%clk 0:42:28]} h6 {[%clk 0:33:07]}
46. Rf2 {[%clk 0:42:17]} hxg5 {[%clk 0:32:47]} 47. hxg5 {[%clk 0:42:07]} Kc6
{[%clk 0:32:22]} 48. Rxf3 {[%clk 0:42:01]} Rh5 {[%clk 0:32:07]} 49. Rg3 {[%clk
0:41:47]} Kd7 {[%clk 0:31:44]} 50. Kf6 {[%clk 0:41:34]} Ke8 {[%clk 0:30:38]}
51. Kxg6 {[%clk 0:41:26]} Rh8 {[%clk 0:30:23]} 52. Kxf5 {[%clk 0:41:20]} Kf7
{[%clk 0:30:11]} 53. g6+ {[%clk 0:41:14]} Kg7 {[%clk 0:30:00]} 54. e4 {[%clk
0:41:02]} dxe4 {[%clk 0:29:50]} 55. Kxe4 {[%clk 0:40:53]} Rh6 {[%clk 0:29:44]}
56. Kf5 {[%clk 0:40:48]} Rh4 {[%clk 0:29:31]} 57. d5 {[%clk 0:40:43]} Rxa4
{[%clk 0:29:01]} 58. d6 {[%clk 0:40:39]} Rd4 {[%clk 0:28:46]} 59. Ra3 {[%clk
0:40:33]} a4 {[%clk 0:28:31]} 60. d7 {[%clk 0:40:27]} Rxd7 {[%clk 0:28:15]} 61.
Rxa4 {[%clk 0:40:22]} Rd6 {[%clk 0:28:10]} 62. Rg4 {[%clk 0:40:14]} Rd5+ {[%clk
0:27:57]} 63. Ke6 {[%clk 0:40:01]} Ra5 {[%clk 0:27:32]} 64. Ke5 Ra6 65. Ke6 Ra5
1/2-1/2

[Event "DVM U10 2016"]
[Site "Magdeburg GER"]
[Date "2016.12.28"]
[Round "3"]
[White "Hänselmann, Hendrik"]
[Black "Brunner, Alexander"]
[Result "1-0"]
[Termination "normal"]
[Board "5.1"]
[WhiteElo "1329"]
[BlackElo "1348"]
[WhiteClock "00:08:28"]
[BlackClock "00:25:50"]
[WhiteTeam "Karlsruher SF"]
[BlackTeam "Hagener SV 1"]
[PlyCount "87"]
[WhiteFideId "16232755"]
[BlackFideId "12965278"]
[EventCountry "GER"]
[EventRounds "7"]
[EventType "team-swiss"]
[EventDate "2016.12.27"]

1. e4 {[%clk 0:59:56]} d5 {[%clk 0:59:49]} 2. exd5 {[%clk 0:59:44]} Qxd5 {[%clk
0:59:41]} 3. Nc3 {[%clk 0:59:25]} Qa5 {[%clk 0:59:14]} 4. d3 {[%clk 0:58:51]}
Nf6 {[%clk 0:58:50]} 5. Bd2 {[%clk 0:57:03]} c6 {[%clk 0:58:14]} 6. Nf3 {[%clk
0:56:02]} Bg4 {[%clk 0:57:41]} 7. Be2 {[%clk 0:54:32]} Nbd7 {[%clk 0:56:58]} 8.
O-O {[%clk 0:52:43]} O-O-O {[%clk 0:56:29]} 9. h3 {[%clk 0:50:50]} Bh5 {[%clk
0:56:10]} 10. Ng5 {[%clk 0:44:23]} Bg6 {[%clk 0:54:22]} 11. Re1 {[%clk
0:42:00]} e5 {[%clk 0:53:11]} 12. Nge4 {[%clk 0:32:52]} Nxe4 {[%clk 0:48:15]}
13. Nxe4 {[%clk 0:32:43]} Qc7 {[%clk 0:47:52]} 14. a4 {[%clk 0:29:26]} f5
{[%clk 0:47:31]} 15. Nc3 {[%clk 0:28:48]} Bc5 {[%clk 0:46:41]} 16. a5 {[%clk
0:27:54]} e4 {[%clk 0:45:13]} 17. dxe4 {[%clk 0:27:13]} fxe4 {[%clk 0:44:59]}
18. Bh5 {[%clk 0:26:00]} Rhf8 {[%clk 0:43:30]} 19. Rf1 {[%clk 0:24:47]} Bxh5
{[%clk 0:40:42]} 20. Qxh5 {[%clk 0:24:21]} Ne5 {[%clk 0:40:27]} 21. Bg5 {[%clk
0:21:09]} g6 {[%clk 0:35:20]} 22. Bxd8 {[%clk 0:20:02]} Qd6 {[%clk 0:32:50]}
23. Qd1 {[%clk 0:17:10]} Rxd8 {[%clk 0:31:40]} 24. Qxd6 {[%clk 0:16:38]} Rxd6
{[%clk 0:31:39]} 25. Nxe4 {[%clk 0:16:17]} Rd5 {[%clk 0:31:29]} 26. Rad1 {[%clk
0:15:43]} Rxd1 {[%clk 0:29:44]} 27. Rxd1 {[%clk 0:15:33]} Nc4 {[%clk 0:29:42]}
28. Nxc5 {[%clk 0:15:01]} Nxb2 {[%clk 0:29:33]} 29. Rb1 {[%clk 0:14:35]} Nc4
{[%clk 0:29:06]} 30. Nxb7 {[%clk 0:14:17]} a6 {[%clk 0:28:43]} 31. Nc5 {[%clk
0:13:52]} Nxa5 {[%clk 0:28:29]} 32. Nxa6 {[%clk 0:13:41]} Nc4 {[%clk 0:28:20]}
33. Rb8+ {[%clk 0:13:09]} Kd7 {[%clk 0:28:12]} 34. Rh8 {[%clk 0:12:59]} h5
{[%clk 0:28:08]} 35. Rg8 {[%clk 0:12:49]} Ne5 {[%clk 0:28:02]} 36. Kf1 {[%clk
0:12:28]} Kd6 {[%clk 0:27:57]} 37. Ke2 {[%clk 0:11:51]} Kd5 {[%clk 0:27:50]}
38. f4 {[%clk 0:11:24]} Nf7 {[%clk 0:26:51]} 39. Rxg6 {[%clk 0:11:11]} Nd6
{[%clk 0:26:47]} 40. Rh6 {[%clk 0:10:42]} Nf5 {[%clk 0:26:37]} 41. Rxh5 {[%clk
0:10:22]} Ke4 {[%clk 0:26:26]} 42. Nc5+ {[%clk 0:09:59]} Kxf4 {[%clk 0:26:17]}
43. Kf2 {[%clk 0:09:01]} Ng7 {[%clk 0:25:50]} 44. g3# {[%clk 0:08:28]} 1-0

[Event "DVM U10 2016"]
[Site "Magdeburg GER"]
[Date "2016.12.28"]
[Round "3"]
[White "Schlie, Johann"]
[Black "Kiefhaber, Tobias"]
[Result "1-0"]
[Termination "normal"]
[Board "5.2"]
[WhiteElo "1368"]
[BlackElo "1130"]
[WhiteTeam "Hagener SV 1"]
[BlackTeam "Karlsruher SF"]
[PlyCount "94"]
[WhiteFideId "16211596"]
[BlackFideId "16240693"]
[EventCountry "GER"]
[EventRounds "7"]
[EventType "team-swiss"]
[EventDate "2016.12.27"]

1. d4 d5 2. Bf4 Nc6 3. Nf3 Bf5 4. e3 e6 5. Bb5 Bd6 6. Be5 Nf6 7. O-O O-O 8.
Bxd6 cxd6 9. Bd3 Qb6 10. Bxf5 exf5 11. b3 Ne4 12. Nfd2 Rfe8 13. Nxe4 fxe4 14.
Nc3 Qa5 15. Ne2 Rac8 16. a4 Nb4 17. Rc1 Na2 18. Ra1 Nc3 19. Nxc3 Qxc3 20. Rc1
Qb4 21. Qh5 Qa5 22. c4 Qb4 23. Qxd5 Qxb3 24. Qxd6 Rxc4 25. Rxc4 Qxc4 26. Qd7
Qc6 27. Qxc6 bxc6 28. Rc1 Re6 29. d5 Re8 30. dxc6 h6 31. Rc4 Rc8 32. Kf1 Kf8
33. Ke2 Ke7 34. Rxe4+ Kd6 35. Kd3 Rxc6 36. Rd4+ Ke7 37. Rb4 Rc7 38. a5 Kd6 39.
Rd4+ Ke7 40. f4 Rd7 41. Rxd7+ Kxd7 42. Kc4 Kc6 43. Kb4 g6 44. g4 a6 45. e4 Kd6
46. h4 Kc6 47. g5 h5 1-0

[Event "DVM U10 2016"]
[Site "Magdeburg GER"]
[Date "2016.12.28"]
[Round "3"]
[White "Schulz, Hannah"]
[Black "Maul, Maik"]
[Result "1-0"]
[Termination "normal"]
[Board "5.3"]
[WhiteElo "1045"]
[BlackElo "1356"]
[WhiteClock "00:04:20"]
[BlackClock "00:24:12"]
[WhiteTeam "Karlsruher SF"]
[BlackTeam "Hagener SV 1"]
[PlyCount "93"]
[WhiteFideId "16244745"]
[BlackFideId "16204816"]
[EventCountry "GER"]
[EventRounds "7"]
[EventType "team-swiss"]
[EventDate "2016.12.27"]

1. e4 {[%clk 0:59:57]} d5 {[%clk 0:59:41]} 2. exd5 {[%clk 0:59:06]} Qxd5 {[%clk
0:59:27]} 3. Nc3 {[%clk 0:58:58]} Qa5 {[%clk 0:59:05]} 4. Nf3 {[%clk 0:58:31]}
Nf6 {[%clk 0:57:57]} 5. d4 {[%clk 0:57:46]} Bg4 {[%clk 0:57:38]} 6. Bd2 {[%clk
0:55:58]} Qf5 {[%clk 0:55:11]} 7. Be2 {[%clk 0:54:06]} Nc6 {[%clk 0:53:32]} 8.
O-O {[%clk 0:50:57]} O-O-O {[%clk 0:52:32]} 9. Be3 {[%clk 0:48:26]} e5 {[%clk
0:51:27]} 10. Nb5 {[%clk 0:44:41]} Bxf3 {[%clk 0:50:38]} 11. Bxf3 {[%clk
0:43:41]} exd4 {[%clk 0:50:15]} 12. Bxc6 {[%clk 0:39:14]} bxc6 {[%clk 0:49:57]}
13. Nxd4 {[%clk 0:34:52]} Qe4 {[%clk 0:48:50]} 14. Qd3 {[%clk 0:33:17]} Qg6
{[%clk 0:46:16]} 15. Qxg6 {[%clk 0:32:58]} hxg6 {[%clk 0:46:05]} 16. Nxc6
{[%clk 0:32:36]} Re8 {[%clk 0:45:25]} 17. Nxa7+ {[%clk 0:31:38]} Kb7 {[%clk
0:45:11]} 18. Nb5 {[%clk 0:31:10]} Ng4 {[%clk 0:44:49]} 19. Bf4 {[%clk
0:29:58]} Bc5 {[%clk 0:42:04]} 20. Nxc7 {[%clk 0:25:33]} Re4 {[%clk 0:39:48]}
21. Bg3 {[%clk 0:24:12]} f5 {[%clk 0:39:25]} 22. Nd5 {[%clk 0:23:11]} g5 {[%clk
0:38:49]} 23. Bc7 {[%clk 0:19:06]} f4 {[%clk 0:35:00]} 24. h3 {[%clk 0:16:41]}
Nxf2 {[%clk 0:33:49]} 25. Rxf2 {[%clk 0:16:02]} Re2 {[%clk 0:33:36]} 26. Bb6
{[%clk 0:11:46]} Bxf2+ {[%clk 0:32:51]} 27. Bxf2 {[%clk 0:11:34]} Rd8 {[%clk
0:32:17]} 28. Nb4 {[%clk 0:10:52]} Rdd2 {[%clk 0:30:51]} 29. Rf1 {[%clk
0:10:09]} Kc7 {[%clk 0:29:53]} 30. a4 {[%clk 0:08:45]} Kb7 {[%clk 0:29:11]} 31.
a5 {[%clk 0:08:38]} Ka8 {[%clk 0:28:47]} 32. a6 {[%clk 0:08:27]} g6 {[%clk
0:28:36]} 33. a7 {[%clk 0:07:46]} g4 {[%clk 0:27:47]} 34. hxg4 {[%clk 0:07:05]}
g5 {[%clk 0:27:25]} 35. c4 {[%clk 0:05:32]} Rxb2 {[%clk 0:27:11]} 36. Nd5
{[%clk 0:05:18]} Rbc2 {[%clk 0:26:51]} 37. c5 {[%clk 0:05:12]} Kb7 {[%clk
0:26:25]} 38. Ra1 {[%clk 0:04:56]} Ra2 {[%clk 0:25:50]} 39. Rxa2 {[%clk
0:04:44]} Rxa2 {[%clk 0:25:42]} 40. c6+ {[%clk 0:04:30]} Kxc6 {[%clk 0:25:23]}
41. Nb4+ {[%clk 0:04:27]} Kb7 {[%clk 0:25:11]} 42. Nxa2 {[%clk 0:04:25]} Ka8
{[%clk 0:25:03]} 43. Nb4 {[%clk 0:04:23]} Kb7 {[%clk 0:24:54]} 44. Kf1 {[%clk
0:04:22]} Ka8 {[%clk 0:24:41]} 45. Ke2 Kb7 46. Kd3 {[%clk 0:04:20]} Ka8 {[%clk
0:24:12]} 47. Ke4 1-0

[Event "DVM U10 2016"]
[Site "Magdeburg GER"]
[Date "2016.12.28"]
[Round "3"]
[White "Lox, Nils Norman"]
[Black "Kuppe, Eugen"]
[Result "1-0"]
[Termination "normal"]
[Board "6.1"]
[WhiteElo "1510"]
[BlackElo "1184"]
[WhiteClock "00:04:41"]
[BlackClock "00:14:36"]
[WhiteTeam "SC Eintracht Berlin"]
[BlackTeam "SV Roter Turm Halle 1"]
[PlyCount "59"]
[WhiteFideId "16221389"]
[EventCountry "GER"]
[EventRounds "7"]
[EventType "team-swiss"]
[EventDate "2016.12.27"]

1. d4 {[%clk 1:00:00]} Nf6 {[%clk 0:59:51]} 2. c4 {[%clk 0:59:56]} d5 {[%clk
0:59:42]} 3. Nf3 {[%clk 0:59:32]} Bf5 {[%clk 0:58:45]} 4. e3 {[%clk 0:59:06]}
e6 {[%clk 0:58:36]} 5. Bd3 {[%clk 0:58:24]} Bxd3 {[%clk 0:57:59]} 6. Qxd3
{[%clk 0:58:21]} Bd6 {[%clk 0:57:33]} 7. b3 {[%clk 0:58:00]} Nbd7 {[%clk
0:53:15]} 8. Bb2 {[%clk 0:57:14]} b6 {[%clk 0:51:21]} 9. O-O {[%clk 0:55:52]}
h6 {[%clk 0:49:47]} 10. Ne5 {[%clk 0:53:31]} O-O {[%clk 0:46:27]} 11. f4 {[%clk
0:51:52]} c5 {[%clk 0:43:24]} 12. Nd2 {[%clk 0:50:27]} Rc8 {[%clk 0:42:13]} 13.
Kh1 {[%clk 0:44:17]} Qc7 {[%clk 0:40:05]} 14. Rg1 {[%clk 0:41:32]} Rfe8 {[%clk
0:38:16]} 15. g4 {[%clk 0:38:11]} Qb7 {[%clk 0:37:20]} 16. cxd5 {[%clk
0:27:34]} Nxd5 {[%clk 0:36:53]} 17. Rg2 {[%clk 0:25:25]} Nb4 {[%clk 0:34:40]}
18. Qe2 {[%clk 0:20:30]} Red8 {[%clk 0:32:41]} 19. Ndc4 {[%clk 0:16:45]} Nf6
{[%clk 0:28:46]} 20. g5 {[%clk 0:12:59]} hxg5 21. fxg5 {[%clk 0:12:30]} Nfd5
{[%clk 0:21:21]} 22. Rf1 {[%clk 0:09:51]} Rc7 {[%clk 0:18:42]} 23. Qh5 {[%clk
0:08:08]} Nxa2 {[%clk 0:17:04]} 24. g6 {[%clk 0:07:04]} f6 {[%clk 0:16:54]} 25.
Qh7+ {[%clk 0:06:00]} Kf8 {[%clk 0:16:15]} 26. Qh8+ {[%clk 0:05:31]} Ke7 {[%clk
0:15:58]} 27. Qxg7+ {[%clk 0:05:24]} Ke8 {[%clk 0:15:26]} 28. Nxd6+ {[%clk
0:05:09]} Rxd6 {[%clk 0:15:02]} 29. Qg8+ {[%clk 0:04:42]} Ke7 {[%clk 0:14:36]}
30. Qf7+ {[%clk 0:04:41]} 1-0